000 00892nam a22002657a 4500
005 20170124110242.0
010 _aA-943446
020 _c3000.00
_a8185026378
035 _aA-943446
037 _bCen Lib/Ret
040 _aDPL
_bEN
082 _a954.41
_bBOM
245 _aBombay to Mumbai :
_cedited by Pauline Rohatgi, Pheroza Godrej [and] Rahul Mehrotra
_bchanging perspectives /
246 _b
260 _aNew Delhi
_bMarg Publications
_c1997
270 _bNew Delhi
_a148, Mhatama gandhi road
_e400001
300 _a324p. :
_c33cm(Hb)
_bill.
_emaps
500 _aIncludes bibliographical references and index
650 _aMumbai (India)
_995610
650 _aMumbai (India) -- Pictorial works.
_995611
700 _aRohatgi, Pauline
_995612
700 _aGodrej, Pheroza
_995613
700 _aMehrotra, Rahul
_995614
942 _2ddc
_cEN
_h954.41
_mBOM
999 _c135253
_d135253